Tour de France 2024 - Top 30 der Bergwertung - Statistiken

Allgemein
  • Dieses Quiz wurde 39 mal gespielt
  • Das Durchschnittsergebnis liegt bei 18 aus 30
Antwortstatistiken
# Fahrer Team Punkte % Korrekt
3 Jonas Vingegaard Team Visma / Lease a bike 70
96%
1 Richard Carapaz EF Education-EasyPost 127
93%
2 Tadej Pogačar UAE Team Emirates 102
93%
4 Matteo Jorgenson Team Visma / Lease a bike 54
81%
5 Remco Evenepoel Soudal - Quick Step 50
81%
27 Adam Yates UAE Team Emirates 10
78%
9 Enric Mas Movistar Team 33
78%
11 Simon Yates Team Jayco AlUla 30
78%
14 Carlos Rodriguez Ineos Grenadiers 24
70%
13 Cristian Rodriguez Arkéa-B&B Hotels 27
70%
22 João Almeida UAE Team Emirates 15
70%
8 Jonas Abrahamsen Uno-X-Mobility 36
70%
6 Wilco Kelderman Team Visma / Lease a bike 43
70%
10 David Gaudu Groupama-FDJ 30
67%
12 Jai Hindley Red Bull - Bora - Hansgrohe 28
63%
23 Mikel Landa Soudal - Quick Step 14
63%
19 Marc Soler UAE Team Emirates 17
59%
15 Ben Healy EF Education-EasyPost 21
56%
28 Santiago Buitrago Bahrain Victorious 10
56%
17 Tobias Johannessen Uno-X-Mobility 19
56%
21 Valentin Madouas Groupama-FDJ 16
56%
20 Laurens De Plus Ineos Grenadiers 16
48%
26 Michal Kwiatkowski Ineos Grenadiers 10
41%
30 Jan Tratnik Team Visma / Lease a bike 10
33%
18 Javier Romo Movistar Team 18
33%
7 Oier Lazkano Movistar Team 41
30%
29 Ilan Van Wilder Soudal - Quick Step 10
26%
24 Oscar Onley Team dsm-firmenich PostNL 11
26%
16 Bruna Armirail Decathlon AG2R La Mondiale Team 21
22%
25 Stephen Williams Israel - Premier Tech 10
15%
Keine übereinstimmenden Quizze gefunden
Verteilung der Resultate
Anzahl Personen mit jedem Resultat
Perzentil nach korrekt beantworteten Fragen
Ihre Resultats-Entwicklung
Sie haben dieses Quiz noch nicht gespielt